000 00594cam a2200205 4500500
005 20260329001413.0
041 _afre
042 _adc
100 1 0 _aWotling, Patrick
_eauthor
245 0 0 _aLa volonté de vivre
260 _c2007.
500 _a75
690 _aEternel retour
690 _aNietzsche
690 _aSurhumain
690 _aVérité
690 _aVolonté de puissance
786 0 _nPhilosophie magazine | 6 | 2 | 2007-02-01 | p. 27-28 | 1951-1787
856 4 1 _uhttps://shs.cairn.info/magazine-philosophie-magazine-2007-2-page-27?lang=fr&redirect-ssocas=7080
999 _c1805090
_d1805090